Statistics for NCAAF Multiple Choice

Click here to take the quiz!

General Stats

  • This quiz has been taken 39 times
  • The average score is 5 of 7

Answer Stats

QuestionAnswer% Correct
glCincanati
81%
glFlorida Gators
81%
glVanderbilt Commodores
81%
glCharlotte 49ers
75%
glSouth Carolina Gamecocks
75%
glUMASS Minutemen
69%
glStanford Cardinal
25%

Score Distribution

Percentile by Number Answered

Percent of People with Each Score

Your Score History

You have not taken this quiz